LIBRARY & INFORMATION CENTRE, KCAET, TAVANUR

ONLINE PUBLIC ACCESS CATALOGUE (OPAC)

Role of blue green algae in nitrogen economy of Indian agriculture / (Record no. 1494)

MARC details
000 -LEADER
fixed length control field 00478cam a2200169ua 4500
041 ## - LANGUAGE CODE
Language code of text/sound track or separate title eng
082 ## - DEWEY DECIMAL CLASSIFICATION NUMBER
Classification number 589.2
Item number SIN/RO
100 ## - MAIN ENTRY--AUTHOR NAME
Personal name Singh, R.N.
245 ## - TITLE STATEMENT
Title Role of blue green algae in nitrogen economy of Indian agriculture /
260 ## - PUBLICATION, DISTRIBUTION, ETC. (IMPRINT)
Place of publication New Delhi :
Name of publisher Indian Council for Agricultural Research ,
Year of publication 1961.
300 ## - PHYSICAL DESCRIPTION
Number of Pages 175 ; .
942 ## - ADDED ENTRY ELEMENTS (KOHA)
Koha item type Books
Holdings
Withdrawn status Lost status Damaged status Home library Current library Date acquired Cost, normal purchase price Full call number Accession Number Koha item type
Withdrawn     KAUAET KAUAET 07/04/2012 18.00 589.2 SIN/RO 7818 Books
free website counter